Регионална библиотека "Любен Каравелов" - Русе

Вавилонската библиотека (Запис номер 149617)

MARC детайли
000 -Лидер
Контролно поле с фиксирана дължина 01404nam a2200301 c 4500
003 - Код на организацията, давaща контролен номер
Контролно поле BLK
005 - Дата и час на последна редакция
Контролно поле 20180422112934.0
008 - Елементи от данни с фиксирана дължина
fixed length control field 180410b bul|||||r ||||||| ||bul||
010 ## - Наследен системен номер
LC control number KNG00155886000
040 ## - Източник на каталожния запис
Идентификатор на билиотеката - собственик на записа BLK
041 ## - Код за език
Код за езика на текст/звукозапис или на отделно заглавие Български
Код за езика КДБФ Български
080 ## - УДК
Текстов определител УДК Аржентинска литература
УДК код - определител по УДК 821.134.2(82)
УДК определител -8
УДК - код + определител 821.134.2(82)-8
100 1# - Редна дума - Автор
Автор Борхес, Хорхе Луис
Авторска отговорност първи автор
R(LIN) 41925
139 ## - Редно поле
Редна дума Борхес, Хорхе Луис
Авторски знак Боро - Б 67
245 10 - Сведения за заглавието
Заглавие Вавилонската библиотека
Подзаглавни данни Сб. миниатюри, разкази, есета
Редно поле (дума) Хорхе Луис Борхес; прев. от исп. Анна Асенова Златкова; прев. от исп. Роза Хубеш; състав. и предг. от Ина Тертенян.
257 ## - Страна на издаване
Страна на създаване/издаване Испания
260 ## - Област на издателските данни
-- София
Име на издателя, разпространителя и проч. Нар. култура
Година на издаване 1989
300 ## - Физическа характеристика
Страници 456 с.
Размери/Мащаб 20 см
380 ## - Жанр
Жанр Худож. лит.
700 1# - Други автори (авторска отговорност)
Лично име Златкова, Анна Асенова
Автороска отговорност (Описва отношението между автора и произведението) прев. от исп.
9 (RLIN) 371891
700 1# - Други автори (авторска отговорност)
Лично име Хубеш, Роза
Автороска отговорност (Описва отношението между автора и произведението) прев. от исп.
9 (RLIN) 138648
700 1# - Други автори (авторска отговорност)
Лично име Тертенян, Ина
Автороска отговорност (Описва отношението между автора и произведението) състав. и предг. от
9 (RLIN) 128699
852 ## - Местоположение
Форматна сигнатура Цб 158635
856 4# - Електронен адрес и достъп
Електронен формат pdf - файл
Път до файла /url/
856 4# - Електронен адрес и достъп
Електронен формат pdf - файл
Път до файла /url/
942 ## - АРТИКУЛИ
Вид на библиотечния материал Книги
Скрит в OPAC Не
944 ## - СЪЗДАВАНЕ И РЕДАКЦИЯ на ЗАПИСА
Създаване/Редакция Създаване
Дата на регистрацията/редакция 21.01.2014
Статус, дата на статуса 21.01.2014 - от С1,Р / 21.01.2014
Служител, извършил регистрацията/редакцията Наталия_Любомирова
944 ## - СЪЗДАВАНЕ И РЕДАКЦИЯ на ЗАПИСА
Създаване/Редакция Редакция
Дата на регистрацията/редакция 15.11.2017
Статус, дата на статуса 21.01.2014 - от С1,Р / 21.01.2014
Служител, извършил регистрацията/редакцията Виолета_Тройчева
999 ## - СИСТЕМНИ КОНТРОЛНИ НОМЕРА
Koha biblionumber 149617
Koha biblioitemnumber 149617
Наличности
Код за отписване Код за изгубен артикул Източник на класификационната схема Код за повреда Коз за рестрикции Код за отдаване Артикулен № Име на библиотеката - собственик Име на библиотеката, в която се намира в момента Статус (Текущо местоположение) Дата на вписване в системата Местоположение - отдел Цена в лева Инвентарен номер Систематично азбучна сигнатура Баркод Номер на екземпляра Цена в евро Служебна бележка Служебен тип на артикула
  Не е изгубен Universal Decimal Classification Не е повреден без рестрикции ползва се в читалня 249942 Регионална библиотека "Любен Каравелов" Русе Регионална библиотека "Любен Каравелов" Русе Хранилище 1989-01-01 Хранилище 2.83 519416 Цб 158635 120000519416 1 1.45 N: стар фонд Дата: 01.01.1989 Книги
Изтеглен Не е изгубен Universal Decimal Classification Не е повреден без рестрикции заемане за дома 249943 Регионална библиотека "Любен Каравелов" Русе Регионална библиотека "Любен Каравелов" Русе Заемна - подръчен фонд 1989-01-01 Заемна - подръчен фонд 2.83 518881 П 860(7/8)-8/Б 64 518881 2 1.45 N: стар фонд Дата: 01.01.1989 Книги
Изтеглен Не е изгубен Universal Decimal Classification Не е повреден без рестрикции заемане за дома 249944 Регионална библиотека "Любен Каравелов" Русе Регионална библиотека "Любен Каравелов" Русе Заемна - подръчен фонд 1989-01-01 Заемна - подръчен фонд 2.83 518883 П 860(7/8)-8/Б 64 518883 3 1.45 N: стар фонд Дата: 01.01.1989 Книги
Изтеглен Не е изгубен Universal Decimal Classification Не е повреден без рестрикции заемане за дома 249945 Регионална библиотека "Любен Каравелов" Русе Регионална библиотека "Любен Каравелов" Русе Заемна - подръчен фонд 1989-01-01 Заемна - подръчен фонд 2.83 519999 П 860(7/8)-8/Б 64 519999 4 1.45 N: стар фонд Дата: 01.01.1989 Книги
Изтеглен Не е изгубен Universal Decimal Classification Не е повреден без рестрикции заемане за дома 249946 Регионална библиотека "Любен Каравелов" Русе Регионална библиотека "Любен Каравелов" Русе Заемна - подръчен фонд 1989-01-01 Заемна - подръчен фонд 2.83 520000 П 860(7/8)-8/Б 64 520000 5 1.45 N: стар фонд Дата: 01.01.1989 Книги
Изтеглен Не е изгубен Universal Decimal Classification Не е повреден без рестрикции заемане за дома 249947 Регионална библиотека "Любен Каравелов" Русе Регионална библиотека "Любен Каравелов" Русе Заемна - подръчен фонд 1989-01-01 Заемна - подръчен фонд 2.83 520001 П 860(7/8)-8/Б 64 520001 6 1.45 N: стар фонд Дата: 01.01.1989 Книги
Изтеглен Не е изгубен Universal Decimal Classification Не е повреден без рестрикции заемане за дома 249948 Регионална библиотека "Любен Каравелов" Русе Регионална библиотека "Любен Каравелов" Русе Заемна - подръчен фонд 1989-01-01 Заемна - подръчен фонд 2.83 624565 П 860(7/8)-8/Б 64 624565 7 1.45 N: стар фонд Дата: 01.01.1989 Книги
Vip Innovations Ltd, Rousse, Bulgaria 2025